000 00547nam a22002177a 4500
003 UA-OsUOA
001 118274
007 ta
008 20160728b un ||||| |||| 00| 0 ukr d
100 _aПавлів І.
090 _a908
_bП12
942 _cSA
040 _aUA-OsUOA
_bukr
_cUA-OsUOA
_dUA-OsUOA
245 _aЧитають лекції з юдаїки та семітської філології
300 _aС.7
955 _a0
041 _aukr
080 _a908
773 0 _w118273
650 7 _a908 Краєзнавство
_2UDC
999 _c404341
_d404341